000 00327nam a22001337a 4500
008 170928b xxu||||| |||| 00| 0 eng d
020 _a9780205281954
041 _aeng
080 _a37
100 _a47
101 _aEDU
245 _aPIECING IT TOGETHER A GUIDE TO ACDEMIC SUCCESS
_cJENSEN.J.M
942 _2udc
_cBK
999 _c30445
_d30445